LIBRARY & INFORMATION CENTRE, KCAET, TAVANUR

ONLINE PUBLIC ACCESS CATALOGUE (OPAC)

Testing and performance evaluation of hold on type power paddy thresher (Record no. 14019)

MARC details
000 -LEADER
fixed length control field 00391nam a22001337a 4500
003 - CONTROL NUMBER IDENTIFIER
control field OSt
088 ## - REPORT NUMBER
Report number 1
100 ## - MAIN ENTRY--AUTHOR NAME
Personal name Singh, Okram Basudev
245 ## - TITLE STATEMENT
Title Testing and performance evaluation of hold on type power paddy thresher
260 ## - PUBLICATION, DISTRIBUTION, ETC. (IMPRINT)
Place of publication Tavanur
Name of publisher Department of FPME, KCAET
856 ## - ELECTRONIC LOCATION AND ACCESS
Uniform Resource Identifier https://drive.google.com/open?id=1rVDQGA0D2Vsvrufg-2D3kio_6RktFwgL
942 ## - ADDED ENTRY ELEMENTS (KOHA)
Koha item type Project Report
Holdings
Collection code Home library Current library Full call number Accession Number Koha item type
Reference KAUAET KAUAET 631.37 SIN/TE P1 Project Report
free website counter